Historia de la fotografía / (Record no. 192063)

MARC details
000 -LEADER
campo de control de longitud fija 01018nam a2200313 i 4500
001 - NÚMERO DE CONTROL
campo de control 192063
003 - IDENTIFICADOR DE NÚMERO DE CONTROL
campo de control ES-MaACL
005 - FECHA Y HORA DE LA ÚLTIMA TRANSACCIÓN
campo de control 20250728033016.0
008 - DATOS DE LONGITUD FIJA--INFORMACIÓN GENERAL
campo de control de longitud fija 221102s1999 sp a 001 0 spa
017 ## - NÚMERO DE COPYRIGHT O DE DEPÓSITO LEGAL
Número de copyright o de depósito legal M 22895-1999
Agencia que asigna Oficina Depósito Legal Madrid
020 ## - NÚMERO INTERNACIONAL ESTÁNDAR DEL LIBRO
Número Internacional Estándar del Libro 8437602882
040 ## - FUENTE DE CATALOGACIÓN
Centro/agencia transcriptor ES-MaACL
080 ## - NÚMERO DE LA CLASIFICACIÓN DECIMAL UNIVERSAL
Número de la Clasificación Decimal Universal 77(091)
100 1# - ENTRADA PRINCIPAL--NOMBRE DE PERSONA
Nombre de persona Sougez, Marie-Loup,
Fechas asociadas al nombre 1930-2019
Término indicativo de función/relación Autor
9 (RLIN) 140603
245 10 - MENCIÓN DEL TÍTULO
Título Historia de la fotografía /
Mención de responsabilidad, etc. Marie-Loup Sougez.
250 ## - MENCION DE EDICION
Mención de edición Séptima edición
260 ## - PUBLICACIÓN, DISTRIBUCIÓN, ETC.
Lugar de publicación, distribución, etc. Madrid :
Nombre del editor, distribuidor, etc. Cátedra,
Fecha de publicación, distribución, etc. 1999.
300 ## - DESCRIPCIÓN FÍSICA
Extensión 518 páginas :
Otras características físicas ilustraciones (blanco y negro) ;
Dimensiones 18 cm.
490 1# - MENCIÓN DE SERIE
Mención de serie Cuadernos arte Cátedra
500 ## - NOTA GENERAL
Nota general Glosario
500 ## - NOTA GENERAL
Nota general Índice onomástico
504 ## - NOTA DE BIBLIOGRAFÍA, ETC.
Nota de bibliografía, etc. Bibliografía: páginas 471-491
650 #4 - PUNTO DE ACCESO ADICIONAL DE MATERIA--TÉRMINO DE MATERIA
Término de materia o nombre geográfico como elemento de entrada Fotografía-
Subdivisión de forma Historia
9 (RLIN) 12955
830 ## - PUNTO DE ACCESO ADICIONAL DE SERIE-TÍTULO UNIFORME
Título uniforme Cuadernos arte Cátedra
9 (RLIN) 181519
852 4# - LOCALIZACIÓN
Ubicación ES-MaACL
Número de control de estantería N-8089
Sublocalización o colección R. 131092
Ubicación en estantería Depósito J
Nota libre Compra
itemnumber 199345
942 ## - ELEMENTOS DE ENTRADA SECUNDARIOS (KOHA)
Tipo de ítem Koha Libro impreso
Suprimir en OPAC No
Holdings
Estatus retirado Estado de pérdida Fuente del sistema de clasificación o colocación Estado de daño No para préstamo Biblioteca de origen Biblioteca actual Ubicación en estantería Fecha de adquisición Fuente de adquisición Total de préstamos Signatura topográfica completa Código de barras Visto por última vez Tipo de ítem Koha
    Clasificación decimal universal     Biblioteca del Ateneo de Madrid Biblioteca del Ateneo de Madrid Depósito J 02/11/2022 Compra   N-8089 101206358 23/02/2023 Libro impreso